Ψυχολογία στη Φυσική Αγωγή και τον Αθλητισμό (Record no. 4608)
[ view plain ]
| 000 -LEADER | |
|---|---|
| fixed length control field | 01442cam a22002054a 4500 |
| 005 - ΗΜΕΡΟΜΗΝΙΑ ΚΑΙ ΩΡΑ ΤΕΛΕΥΤΑΙΑΣ ΕΝΗΜΕΡΩΣΗΣ | |
| Πεδίο ελέγχου | 20250605164150.0 |
| 008 - FIXED-LENGTH DATA ELEMENTS--GENERAL INFORMATION | |
| Πεδίο ελέγχου σταθερού μήκους | 250528s ||||||||||||||||||||||||d |
| 035 ## - SYSTEM CONTROL NUMBER | |
| System control number | 19349 |
| 020 ## - ISBN | |
| ISBN | 9602780770 |
| 040 ## - ΠΗΓΗ ΚΑΤΑΛΟΓΟΓΡΑΦΗΣΗΣ | |
| Φορέας πρωτότυπης καταλογογράφησης | MC Athens Campus Library |
| Γλώσσα καταλογογράφησης | Ελληνικά, Μοντέρνα (1453-) |
| Modifying agency | MC Athens Campus Library |
| Κανόνες περιγραφικής καταλογογράφησης | AACR2 |
| 245 1# - ΤΙΤΛΟΣ ΚΑΙ ΔΗΛΩΣΗ ΥΠΕΥΘΥΝΟΤΗΤΑΣ | |
| Τίτλος | Ψυχολογία στη Φυσική Αγωγή και τον Αθλητισμό |
| 260 ## - PUBLICATION, DISTRIBUTION, ETC. | |
| Date of publication, distribution, etc. | 1990 |
| 300 ## - PHYSICAL DESCRIPTION | |
| Extent | 304 |
| 520 ## - SUMMARY, ETC. | |
| Summary, etc. | Στο βιβλίο αυτό ο αναγνώστης θα βρει απαντήσεις σε πολλά από τα ερωτήματα που έχει, σχετικά με την Ψυχολογία του Αθλητή και της Ομάδας. Πρόλογος, Εισαγωγή, Η Ιστορία και η Εξέλιξη της Αθλητικής Ψυχολογίας, Ψυχολογική Θεώρηση του Παιχνιδιού, Η Παρακίνηση, Στοιχεία Κινητικής Μάθησης, Η Προσωπικότητα των Αθλητών, Ψυχολογικές Πτυχές του Παιδικού Αθλητισμού, Η Ηγεσία στον Αθλητισμό, Η Ψυχολογία της Ομάδας, Η Έρευνα στην Αθλητική Ψυχολογία, Γλωσσάρι, Ευρετήριο Πινάκων και Σχημάτων, Θεματικό Ευρετήριο. |
| 700 1# - ΠΡΟΣΘΕΤΗ ΑΝΑΓΡΑΦΗ--ΦΥΣΙΚΟ ΠΡΟΣΩΠΟ | |
| Personal name | Salto |
| 9 (RLIN) | 5599 |
| 700 1# - ΠΡΟΣΘΕΤΗ ΑΝΑΓΡΑΦΗ--ΦΥΣΙΚΟ ΠΡΟΣΩΠΟ | |
| Personal name | Δογανής Γιώργος |
| 942 ## - ADDED ENTRY ELEMENTS (KOHA) | |
| Koha item type | Books |
| Τύπος τεκμηρίου | Βιβλιοθήκη | Τρέχουσα τοποθεσία | Barcode | Αριθμός εισαγωγής | Ημερομηνία απόκτησης | Ταξιθετικό σύμβολο | Αριθμός αντιτύπου | Κατάσταση απόσυρσης | Κατάσταση χαμένου | Κατάσταση κατεστραμμένου | Μη δανεισμός | Σύνολο δανεισμών | Ημερομηνία τελευταίας εμφάνισης | Η τιμή ισχύει από |
|---|---|---|---|---|---|---|---|---|---|---|---|---|---|---|
| Books | MC Athens Campus Library | MC Athens Campus Library | 9780000046079 | 5397 | 05/06/2025 | 796.01 DOG | 1 | 05/06/2025 | 05/06/2025 |